| 000 | 00569cab a2200217 4500 | ||
|---|---|---|---|
| 001 | X1066 | ||
| 008 | 090401t1993 xxu||||| |||| 00| 0 eng d | ||
| 035 | _a(Sirsi) u14519 | ||
| 041 | _aeng | ||
| 245 | _aPII run-off cover | ||
| 260 | _c1993 | ||
| 350 | _a0 | ||
| 490 |
_aCSM (Chartered Surveyor Monthly) _v3(2) October 1993, 3(1) |
||
| 650 | _aLIQUIDATION | ||
| 650 | _aPROFESSIONAL INDEMNITY INSURANCE | ||
| 650 | _aRUN-OFF | ||
| 690 |
_aINSURANCE _96249 |
||
| 690 | _aMANAGEMENT-BUSINESS MANAGEMENT-PROFESSIONAL PRACTICE | ||
| 942 | _n0 | ||
| 948 | _c04/03/1997 | ||
| 999 |
_c9469 _d9469 |
||